Než se kořeny uchytí : román /

Hlavní autor: Martínek, Vojtěch, 1887-1960
Jazyk: Čeština
Vydáno: Praha : Sfinx, 1941
Vydání: 3. vyd.
Edice: Nové cíle (Sfinx)
Externí odkaz: Digitalizovaný dokument
Fyzický popis: 202 s.
Knihy
Uloženo v:
LEADER 00863nam a22002532a 4500
001 000479559
003 CZ BrMZK
005 20150209100937.0
007 ta
008 000105s1941 xr f cze d
015 |a cnb000756147 
035 |a (OCoLC)85650009 
040 |a BOA001  |b cze 
100 1 |a Martínek, Vojtěch,  |d 1887-1960  |7 jk01080362  |4 aut 
245 1 0 |a Než se kořeny uchytí :  |b román /  |c Vojtěch Martínek 
250 |a 3. vyd. 
260 |a Praha :  |b Sfinx,  |c 1941 
300 |a 202 s. 
490 1 |a Nové cíle ;  |v sv. 896 
830 0 |a Nové cíle (Sfinx)  |0 s 
856 4 1 |u http://www.digitalniknihovna.cz/mzk/uuid/uuid:d808d720-e71e-11e3-a2c6-005056827e51  |y Digitalizovaný dokument  |x NDK 
910 |a BOA001  |b 00635-0072.740,896 
990 |a BK 
996 7 |b 2619800685  |c 00635-0072.740,896  |l MZK  |r Sklad / do 1 hodiny  |n 0  |w 000479559  |u 000010  |a 1  |e BOA001  |j MZK50  |s A